Bon anniversaire: Ils sont nés un 9 juin - Statistiques

Statistiques générales
  • Ce quiz a été pris 47 fois
  • Le résultat moyen est 4 sur 9
Statistiques - réponses
Réponse % Correct
Stéphane Plaza
86%
Johnny Depp
73%
Natalie Portman
73%
Miroslav Klose
55%
Jean Galfione
36%
Michael J.Fox
36%
Yannick Agnel
27%
Matthew Bellamy
20%
Patricia Cornwell
11%
Aucun quiz correspondant
Distribution des résultats
% des personnes avec chaque résultat
Percentile par nombre de réponses
Votre historique - résultats
Vous n’avez pas pris ce quiz